<?xml version="1.0" encoding="UTF-8"?>
<collection xmlns="http://www.loc.gov/MARC21/slim">
<record>
  <controlfield tag="001">167749</controlfield>
  <controlfield tag="005">20260121151444.0</controlfield>
  <datafield tag="037" ind1=" " ind2=" ">
    <subfield code="a">TAZ-TFG-2015-4396</subfield>
  </datafield>
  <datafield tag="041" ind1=" " ind2=" ">
    <subfield code="a">spa</subfield>
  </datafield>
  <datafield tag="100" ind1="1" ind2=" ">
    <subfield code="a">Sánchez Álvarez, Sergio</subfield>
  </datafield>
  <datafield tag="245" ind1="0" ind2="0">
    <subfield code="a">Técnicas y Procedimientos para el ejercicio del Derecho al Olvido en Internet</subfield>
  </datafield>
  <datafield tag="260" ind1=" " ind2=" ">
    <subfield code="a">Zaragoza</subfield>
    <subfield code="b">Universidad de Zaragoza</subfield>
    <subfield code="c">2015</subfield>
  </datafield>
  <datafield tag="500" ind1=" " ind2=" ">
    <subfield code="a">Aporta en secretaría material físico. Resumen disponible también en inglés.</subfield>
  </datafield>
  <datafield tag="506" ind1=" " ind2=" ">
    <subfield code="a">by-nc-sa</subfield>
    <subfield code="b">Creative Commons</subfield>
    <subfield code="c">3.0</subfield>
    <subfield code="u">http://creativecommons.org/licenses/by-nc-sa/3.0/</subfield>
  </datafield>
  <datafield tag="520" ind1=" " ind2=" ">
    <subfield code="a">En este Trabajo Final de Grado se expone el concepto del Derecho al Olvido en Internet y su extensión al mayor número de casos posibles entre todos los afectados en la red. Se trata de mostrar como la evolución en el uso de las redes de información ha propiciado una preocupación por la privacidad y los derechos a esta por parte de los usuarios, quienes han visto magnificado un problema ya existente. Así mismo, se plantean las posibles soluciones que se pueden aplicar a este problema haciendo uso de las herramientas de las que se dispone actualmente y se presentan aquellos lugares donde es posible encontrar datos e información referentes a las personas, así como el interés que puede surgir en eliminarlos. Para ello se indican los apoyos legales con los que la justicia trata de apoyar al ciudadano, y se recopilan los procedimientos y técnicas que es posible aplicar para lograr el objetivo de borrar los datos de Internet. Finalmente, se muestra como el concepto del Derecho al Olvido queda muy lejos de ser algo realmente aplicable con efectividad, y cómo es necesario revisarlo para que realmente cubra las necesidades de los usuarios.&lt;br /></subfield>
  </datafield>
  <datafield tag="521" ind1=" " ind2=" ">
    <subfield code="a">Graduado en Ingeniería Informática</subfield>
  </datafield>
  <datafield tag="540" ind1=" " ind2=" ">
    <subfield code="a">El autor no autoriza la difusión del texto completo de su obra</subfield>
  </datafield>
  <datafield tag="700" ind1=" " ind2=" ">
    <subfield code="a">Catalán Cantero, Carlos</subfield>
    <subfield code="e">dir.</subfield>
  </datafield>
  <datafield tag="710" ind1="2" ind2=" ">
    <subfield code="a">Universidad de Zaragoza</subfield>
    <subfield code="b">Informática e Ingeniería de Sistemas</subfield>
    <subfield code="c"></subfield>
  </datafield>
  <datafield tag="856" ind1="0" ind2=" ">
    <subfield code="f">609248@celes.unizar.es</subfield>
  </datafield>
  <datafield tag="856" ind1="4" ind2=" ">
    <subfield code="s">2307084</subfield>
    <subfield code="u">http://zaguan.unizar.es/record/167749/files/TAZ-TFG-2015-4396.pdf</subfield>
    <subfield code="y">Memoria (spa)</subfield>
  </datafield>
  <datafield tag="909" ind1="C" ind2="O">
    <subfield code="o">oai:zaguan.unizar.es:167749</subfield>
    <subfield code="p">driver</subfield>
    <subfield code="p">trabajos-fin-grado</subfield>
  </datafield>
  <datafield tag="950" ind1=" " ind2=" ">
    <subfield code="a"></subfield>
  </datafield>
  <datafield tag="980" ind1=" " ind2=" ">
    <subfield code="a">TAZ</subfield>
    <subfield code="b">TFG</subfield>
    <subfield code="c">POLTER</subfield>
  </datafield>
  <datafield tag="951" ind1=" " ind2=" ">
    <subfield code="a">deposita:2026-01-21</subfield>
  </datafield>
</record>
</collection>